<?xml version="1.0" encoding="UTF-8"?>
<marc:record xmlns:marc="http://www.loc.gov/MARC21/slim">
   <marc:leader>00000nam a2200000 a 4500</marc:leader>
   <marc:datafield ind1="1" ind2=" " tag="100">
      <marc:subfield code="a">Sol, Mira</marc:subfield>
      <marc:subfield code="4">aut</marc:subfield>
      <marc:subfield code="e">Verfasser/-in</marc:subfield>
   </marc:datafield>
   <marc:datafield ind1="0" ind2="0" tag="245">
      <marc:subfield code="a">Sabotage, Sachertorte und ganz viel Wien</marc:subfield>
   </marc:datafield>
   <marc:datafield ind1="0" ind2="0" tag="245">
      <marc:subfield code="c">Mira Sol</marc:subfield>
   </marc:datafield>
   <marc:datafield ind1=" " ind2="1" tag="264">
      <marc:subfield code="a">Stuttgart</marc:subfield>
      <marc:subfield code="b">Kosmos</marc:subfield>
      <marc:subfield code="c">2022</marc:subfield>
   </marc:datafield>
   <marc:datafield ind1="1" ind2=" " tag="490">
      <marc:subfield code="a">Die drei !!!</marc:subfield>
   </marc:datafield>
   <marc:datafield ind1="1" ind2=" " tag="520">
      <marc:subfield code="a">Kim, Franzi und Marie sind "Die drei !!!". Mutig und clever ermitteln die drei Detektivinnen und sind jedem Fall gewachsen.Wien - eine Stadt zum Träumen ... Doch Kim, Franzi und Marie haben kaum das erste Stück Sachertorte genossen, da wartet schon ein neuer Fall. Ein wertvolles Abendkleid verschwindet und in ihrer Unterkunft bricht mitten in der Nacht ein Feuer aus. Wer hat es auf ihre netten Gastgeberinnen vom "Fesch &amp; Fein" abgesehen? Und treibt in den Katakomben wirklich ein Basilisk sein Unwesen? Das Extra in diesem Band: Kim, Franzi und Marie verraten Sightseeing-Tipps und witzige Fun-Facts zur Traumstadt Wien. Außerdem ist ein Stadtplan enthalten.</marc:subfield>
   </marc:datafield>
   <marc:datafield ind1=" " ind2=" " tag="041">
      <marc:subfield code="a">ger</marc:subfield>
   </marc:datafield>
   <marc:datafield ind1="1" ind2=" " tag="521">
      <marc:subfield code="a">0</marc:subfield>
   </marc:datafield>
   <marc:datafield ind1=" " ind2=" " tag="300">
      <marc:subfield code="a">159 Seiten</marc:subfield>
   </marc:datafield>
</marc:record>
